The diver (Record no. 39719)
[ view plain ]
| 000 -LEADER | |
|---|---|
| fixed length control field | 01062nam a2200289 a 4500 |
| 082 04 - DEWEY DECIMAL CLASSIFICATION NUMBER | |
| Classification number | 811.5 |
| 100 1# - MAIN ENTRY--AUTHOR NAME | |
| Personal name | Mayo, E. L. |
| 245 14 - TITLE STATEMENT | |
| Title | The diver |
| 260 ## - PUBLICATION, DISTRIBUTION, ETC. (IMPRINT) | |
| Place of publication | Minneapolis : |
| Name of publisher | University of Minnesota Press, |
| Year of publication | [1947] |
| 300 ## - PHYSICAL DESCRIPTION | |
| Number of Pages | 66 p. |
| 650 #0 - SUBJECT ADDED ENTRY--TOPICAL TERM | |
| Topical Term | American poetry |
| 856 40 - ELECTRONIC LOCATION AND ACCESS | |
| Uniform Resource Identifier | http://site.ebrary.com/lib/rucke/Doc?id=10231339 |
No items available.
